000 00562nam a2200193Ia 4500
005 20250801165043.0
008 008 250516s9999 xx 000 0 hin d
020 _a9789360863791
040 _beng
_cSDCL
041 _ahin
_2hin
084 _aO152,1J44 R4
100 _aAgrawal
_9422288
245 0 _aJan Gopal :
_bSant Dadu Ke Jivanikar
246 _aजन गोपाल :
_bसंत दादू के जीवनीकार
260 _aNew Delhi:
_bRajkamla Prakashan,
_c2024.
300 _a228p.
650 _aHindi
942 _cTEXL
_2CC
999 _c1430328
_d1430328